Origen y transformación del estado argentino en periodos de globalización (Registro nro. 5663)
[ vista simple ]
| 000 -LEADER | |
|---|---|
| fixed length control field | 01549 a2200229 4500 |
| 001 - CONTROL NUMBER | |
| control field | 54588 |
| 005 - DATE AND TIME OF LATEST TRANSACTION | |
| control field | 20260407155820.0 |
| 008 - FIXED-LENGTH DATA ELEMENTS--GENERAL INFORMATION | |
| fixed length control field | 260407a2003 arg spa d |
| 003 - CONTROL NUMBER IDENTIFIER | |
| control field | AR-UNSa-BCEJYS |
| 040 ## - CATALOGING SOURCE | |
| Original cataloging agency | AR-UNSa-BCEJYS |
| Language of cataloging | spa |
| Transcribing agency | AR-UNSa-BCEJYS |
| 080 ## - UNIVERSAL DECIMAL CLASSIFICATION NUMBER | |
| Universal Decimal Classification number | 316.421:339.9 |
| Common auxiliary subdivision | Origen de las sociedades globales y estructura social, económico, político y cultural (Globalización)<br/> |
| 020 ## - INTERNATIONAL STANDARD BOOK NUMBER | |
| International Standard Book Number | 950-786-349-4 |
| 100 1# - MAIN ENTRY--PERSONAL NAME | |
| Personal name | Ortiz, Tulio E. |
| 245 10 - TITLE STATEMENT | |
| Title | Origen y transformación del estado argentino en periodos de globalización |
| 264 #1 - PRODUCTION, PUBLICATION, DISTRIBUTION, MANUFACTURE, AND COPYRIGHT NOTICE | |
| Place of production, publication, distribution, manufacture | Buenos Aires : |
| Name of producer, publisher, distributor, manufacturer | Biblos |
| Date of production, publication, distribution, manufacture, or copyright notice | 2003 |
| 300 ## - PHYSICAL DESCRIPTION | |
| Extent | 202 p. |
| Dimensions | 22,5 cm. |
| 505 ## - FORMATTED CONTENTS NOTE | |
| Formatted contents note | 1. La globalización y el Estado moderno: ¿extinción o transformación? – 2. Los Rivarola y la política Argentina del Centenario – 3. Mayo de 1910 a través de la mirada de los diarios La Prensa y La Vanguardia – 4. La representación discursiva de la identidad nacional durante la década del 20: inmigración y nacionalismo en la Argentina – 5. Globalización y educación: análisis de portales educativos en español – 6. La privatización de la desocupación y la pobreza: el rol del Estado y de la empresa social en las representaciones sociales de la indigencia – 7. La legitimidad de la deuda externa en la prensa escrita Argentina – 8. El estado Argentino ante la globalización y la justicia – 9. La globalización y las cuestiones de justicia internacional. |
| 590 ## - LOCAL NOTE (RLIN) | |
| Local note | niveau_biblio:m niveau_hierar:0 |
| 700 1# - ADDED ENTRY--PERSONAL NAME | |
| Personal name | Pardo, Maria Laura |
| 700 1# - ADDED ENTRY--PERSONAL NAME | |
| Personal name | Noblia, María Valentina |
| 942 ## - ADDED ENTRY ELEMENTS (KOHA) | |
| Koha item type | |
| Withdrawn status | Lost status | Damaged status | Not for loan | Home library | Current library | Shelving location | Date acquired | Total checkouts | Full call number | Barcode | Date last seen | Price effective from | Koha item type |
|---|---|---|---|---|---|---|---|---|---|---|---|---|---|
| Biblioteca Prof. Eusebio Cleto del Rey | Biblioteca Prof. Eusebio Cleto del Rey | 07/04/2026 | 316.421:339.9 O77 | L87317 | 07/04/2026 | 07/04/2026 | Libro |